Economic groups of countries - Part 1 - Statistics

General Stats
  • This quiz has been taken 148 times
  • The average score is 12 of 18
Answer Stats
BRICS % Correct
India
98%
Russia
98%
Brazil
95%
China
95%
South Africa
77%
Vietnam
74%
Indonesia
73%
Portugal
72%
Spain
69%
Greece
66%
Italy
64%
Ireland
59%
Turkey
55%
Colombia
54%
Mexico
52%
Argentina
49%
Egypt
47%
Nigeria
46%
No matching quizzes found
Score Distribution
Percent of People with Each Score
Percentile by Number Answered
Your Score History
You have not taken this quiz